Normal view
MARC view
- تأليف رضوان،رضوان جامع
Entry Personal Name
001 - CONTROL NUMBER
- control field: 15786
003 - CONTROL NUMBER IDENTIFIER
- control field: JO-AjAnu
005 - DATE AND TIME OF LATEST TRANSACTION
- control field: 20230606072822.0
008 - FIXED-LENGTH DATA ELEMENTS
- fixed length control field: 230606|| aca||aabn | a|a d
040 ## - CATALOGING SOURCE
- Original cataloging agency: JO-AjAnu
- Transcribing agency: JO-AjAnu
100 ## - HEADING--PERSONAL NAME
- Personal name: تأليف رضوان،رضوان جامع
670 ## - SOURCE DATA FOUND
- Source citation: Work cat.: (JO-AjAnu)8107: تأليف رضوان،رضوان جامع, author, من قصص القرآن العظيم: قصص بني إسرائيل في القرآن